| 000 | 00629nam a2200217Ia 4500 | ||
|---|---|---|---|
| 003 | BUBTL | ||
| 008 | 151213s9999 xx 000 0 und d | ||
| 020 | _a984-8241-00-0 | ||
| 082 | _a341/SIG | ||
| 100 |
_aMuhammad Jamiruddin Sircar _93957 |
||
| 245 |
_aGlimpses of International Law _cMuhammad Jamiruddin Sircar |
||
| 260 |
_aDhaka _bFrom International _cc1997 |
||
| 300 |
_a[xv] , 249p . : _b22 cm. |
||
| 500 | _aIncludes Index. | ||
| 650 |
_aLaw _93958 |
||
| 650 |
_aLaw _93958 |
||
| 700 |
_aMuhammad Jamiruddin Sircar _93957 |
||
| 856 |
_k0 _l0 _yDownload |
||
| 942 |
_2ddc _cBK |
||
| 999 |
_c2235 _d2235 |
||